Leave Travel Concession Rules (Record no. 209787)

MARC details
000 -LEADER
fixed length control field 00623nam a22001937a 4500
005 - DATE AND TIME OF LATEST TRANSACTION
control field 20250227151223.0
010 ## - LCCN (DPL NO)
LC control number ENG-143934
020 ## - INTERNATIONAL STANDARD BOOK NUMBER
Terms of availability 80.00
035 ## - SYSTEM CONTROL NUMBER
System control number EN-127466
037 ## - SOURCE OF ACQUISITION
Source of stock number/acquisition DBAD
082 ## - DEWEY DECIMAL CLASSIFICATION NUMBER
Classification number 351.16
100 ## - MAIN ENTRY--PERSONAL NAME
Personal name Brinda And Muthuswamy
Dates associated with a name 2006
Fuller form of name Muthuswamy And Brinda
245 ## - TITLE STATEMENT
Title Leave Travel Concession Rules
Medium english
Statement of responsibility, etc Muthuswamy And Brinda
260 ## - PUBLICATION, DISTRIBUTION, ETC. (IMPRINT)
Place of publication, distribution, etc Chennai
Name of publisher, distributor, etc Swamy Publishers (p) LTD.
Date of publication, distribution, etc 2007
270 ## - ADDRESS
Address Sri Bhuvaneswari Bhavanam''164,V.R.Pillai Street, Ice House
City Chennai
Postal code 600005
300 ## - PHYSICAL DESCRIPTION
Extent 85p.
Dimensions 22 cm(pbk)
700 ## - ADDED ENTRY--PERSONAL NAME
9 (RLIN) 76691
942 ## - ADDED ENTRY ELEMENTS (KOHA)
Source of classification or shelving scheme Dewey Decimal Classification
Item type English Books
Classification part 351.16
Call number suffix MUT
Holdings
Withdrawn status Lost status Not for loan Collection code Home library Current library Date acquired Source of acquisition Cost, normal purchase price Full call number Barcode Copy number Koha item type
      Non-fiction D.B.Act.Division D.B.Act.Division 27/02/2025 DBAD 80.00 351.16 MUT EN-127466 1 English Books

© Delhi Public Library
Hit Counter
free hit counter